Organic reaction mechanisms (Record no. 31099)

MARC details
000 -LEADER
fixed length control field 00258nam a2200109Ia 4500
082 ## - DEWEY DECIMAL CLASSIFICATION NUMBER
Classification number 547
Item number RAJ
100 ## - MAIN ENTRY--AUTHOR NAME
Personal name Raj K Bansal
245 #0 - TITLE STATEMENT
Title Organic reaction mechanisms
260 ## - PUBLICATION, DISTRIBUTION, ETC. (IMPRINT)
Place of publication Delhi
Name of publisher TMH
Year of publication 1978
942 ## - ADDED ENTRY ELEMENTS (KOHA)
Koha item type Books
Holdings
Withdrawn status Lost status Damaged status Not for loan Home library Current library Date acquired Cost, normal purchase price Full call number Accession Number Koha item type
        RRII Library RRII Library 16/12/2021 40.50 547 RAJ 11653 Books